000 00776nam a2200253 a 4500
001 17291
003 BD-RjUL
005 20211209000121.0
008 140216s1948 enk 001 0 eng d
035 _a(BD-RjUL)17349
040 _aDLC
_beng
_cDLC
_dBD-RjUL
041 _aeng
082 0 0 _a711
_bFOT 1948
100 1 _aFogarty, Michael Patrick
_99572
245 1 0 _aTown and country planning /
_cby M.P. Fogarty
260 _aLondon :
_bHutchinson's University Library,
_c1948.
300 _a221 p. ;
_c20 cm
490 1 _aHutchinson university library. Politics
500 _aIncludes index.
650 0 _aCity planning
_zGreat Britain.
_953303
650 0 _aRegional planning
_zGreat Britain
_953304
830 0 _aHutchinson university library.
_953314
942 _2ddc
_cBK
999 _c17291
_d17291